• 首页
  • 本馆介绍
  • 公告通知
  • 最新文献
  • 馆藏检索
  • 电子资源
  • 读者导购
  • 参考咨询
  • 我的图书馆
  • 登录
  • 详细信息显示
  • 放入我的书架
  • 预约/预借图书
  • 作者相关作品
  • 分类相关作品
  • 丛书相关作品
  • 出版社相关作品

书目信息

  • 表格格式
  • 工作单格式
  • 卡片格式
题名:
上瘾川菜
    
 
作者: ;典尚文化工作室 编著
分册:  
出版信息: 成都   成都时代出版社  2010
页数: 240页
开本: 23cm
丛书名:
单 册:
中图分类: TS972.182.71
科图分类:
主题词: 川菜--菜谱 , 川菜 , 菜谱
电子资源:
ISBN: 978-7-5464-0109-6
000 00729nam0 2200241 450
001 2335659941
005 20231216095456.04
010    @a978-7-5464-0109-6@dCNY 29.80
100    @a20100511d2010 em y0chiy0110 ea
101 0  @achi
102    @aCN@b510000
105    @aa z 000yy
200 1  @a上瘾川菜@Ashang yin chuan cai@f典尚文化工作室编著
210    @a成都@c成都时代出版社@d2010
215    @a240页@c图@d23cm
330    @a本书将所收集的数百个菜品分为三个部分,即精典川菜、创新川菜、家常川菜。
606 0  @a川菜@x菜谱
606 0  @a川菜
606 0  @a菜谱
690    @aTS972.182.71@v5
711 02 @a典尚文化工作室@Adian shang wen hua gong zuo shi@4编著
801  2 @aCN@b辽宁北配@c20231205
905    @aBZT@dTS972.182.71@e7
    
    上瘾川菜/典尚文化工作室编著.-成都:成都时代出版社,2010
    240页:图;23cm
    
    
    ISBN 978-7-5464-0109-6:CNY 29.80
    本书将所收集的数百个菜品分为三个部分,即精典川菜、创新川菜、家常川菜。
●
相关链接 在五车中查询图书 在当当中查询图书 在豆瓣中查询图书


正题名:上瘾川菜     索取号:TS972.182.71/7         预约/预借

序号 登录号 条形码 馆藏地/架位号 状态 备注
1 2001635813   2001635813   辽三/辽宁北配(第三批)/2840/ [索取号:TS972.182.71/7] 在馆    
2 2001635814   2001635814   辽三/辽宁北配(第三批)/2840/ [索取号:TS972.182.71/7] 在馆    
3 2001635815   2001635815   辽三/辽宁北配(第三批)/2840/ [索取号:TS972.182.71/7] 在馆    
4 2001635816   2001635816   辽三/辽宁北配(第三批)/2840/ [索取号:TS972.182.71/7] 在馆    
5 2001635817   2001635817   辽三/辽宁北配(第三批)/2840/ [索取号:TS972.182.71/7] 在馆    
6 2001635818   2001635818   辽三/辽宁北配(第三批)/2840/ [索取号:TS972.182.71/7] 在馆    
7 2001635819   2001635819   辽三/辽宁北配(第三批)/2840/ [索取号:TS972.182.71/7] 在馆    
8 2001635820   2001635820   辽三/辽宁北配(第三批)/2840/ [索取号:TS972.182.71/7] 在馆    
9 2001635821   2001635821   辽三/辽宁北配(第三批)/2840/ [索取号:TS972.182.71/7] 在馆    
10 2001635822   2001635822   辽三/辽宁北配(第三批)/2840/ [索取号:TS972.182.71/7] 在馆    
11 2001635823   2001635823   辽三/辽宁北配(第三批)/2840/ [索取号:TS972.182.71/7] 在馆    
12 2001635824   2001635824   辽三/辽宁北配(第三批)/2840/ [索取号:TS972.182.71/7] 在馆    
13 2001635825   2001635825   辽三/辽宁北配(第三批)/2840/ [索取号:TS972.182.71/7] 在馆    
14 2001635826   2001635826   辽三/辽宁北配(第三批)/2840/ [索取号:TS972.182.71/7] 在馆    
15 2001635827   2001635827   辽三/辽宁北配(第三批)/2840/ [索取号:TS972.182.71/7] 在馆    
16 2001635828   2001635828   辽三/辽宁北配(第三批)/2840/ [索取号:TS972.182.71/7] 在馆    
17 2001635829   2001635829   辽三/辽宁北配(第三批)/2840/ [索取号:TS972.182.71/7] 在馆    
18 2001635830   2001635830   辽三/辽宁北配(第三批)/2840/ [索取号:TS972.182.71/7] 在馆    
19 2001635831   2001635831   辽三/辽宁北配(第三批)/2840/ [索取号:TS972.182.71/7] 在馆    
20 2001635832   2001635832   辽三/辽宁北配(第三批)/2840/ [索取号:TS972.182.71/7] 在馆    
21 2001635833   2001635833   辽三/辽宁北配(第三批)/2840/ [索取号:TS972.182.71/7] 在馆    
22 2001635834   2001635834   辽三/辽宁北配(第三批)/2840/ [索取号:TS972.182.71/7] 在馆    
23 2001635835   2001635835   辽三/辽宁北配(第三批)/2840/ [索取号:TS972.182.71/7] 在馆    
24 2001635836   2001635836   辽三/辽宁北配(第三批)/2840/ [索取号:TS972.182.71/7] 在馆    
25 2001635837   2001635837   辽三/辽宁北配(第三批)/2840/ [索取号:TS972.182.71/7] 在馆    
26 2001635838   2001635838   辽三/辽宁北配(第三批)/2840/ [索取号:TS972.182.71/7] 在馆    
27 2001635839   2001635839   辽三/辽宁北配(第三批)/2840/ [索取号:TS972.182.71/7] 在馆    
28 2001635840   2001635840   辽三/辽宁北配(第三批)/2840/ [索取号:TS972.182.71/7] 在馆    
29 2001635841   2001635841   辽三/辽宁北配(第三批)/2840/ [索取号:TS972.182.71/7] 在馆    
30 2001635842   2001635842   辽三/辽宁北配(第三批)/2840/ [索取号:TS972.182.71/7] 在馆    
山东省滨州职业学院图书馆 欢迎您!
大连网信软件有限公司© 版权所有